00492nam a2200181 a 4500001001300000003000900013005001700022008004100039020002300080082001300103100002000116245003600136260004200172300000900214500003500223505002700258650002500285nice12345678IN_TiNIC20260116012251.0050524s1987 loua grp 000 0 eng  a0664615 c10000a291bHAI aHaines, Byron L aChristians and Muslims Together aLouisvillebWestminister Press c1987 a130p aincludes index and biblioraphy2 aGlossary, Bibliography aComparative Religion